000 00437nam a22001697a 4500
005 20251215121843.0
008 251215b |||||||| |||| 00| 0 eng d
037 _cTB
040 _aAL
_cAL
041 _2URD
_aURD
100 _aBaig, Mirza Anees Ahmad
_9856580
245 _aUrdu zuban ki tareekh
260 _c1995.
365 _b200.00
_cINR
942 _2CC
_cTB
_n0
999 _c1466371
_d1466371